Overwatch League Teams - Statistics

General Stats
  • This quiz has been taken 895 times
    750 since last reset
  • The average score is 15 of 20
Answer Stats
Hint Answer % Correct
Shanghai Dragons
89%
Houston Outlaws
84%
San Francisco Shock
84%
Dallas Fuel
83%
Hangzhou Spark
83%
London Spitfire
83%
Seoul Dynasty
79%
New York Excelsior
78%
Atlantic Atlanta Reign
77%
Los Angeles Gladiators
76%
Paris Eternal
76%
Florida Mayhem
75%
Guangzhou Charge
75%
Los Angeles Valiant
75%
Philadelphia Fusion
75%
Boston Uprising
74%
Pacific Chengdu Hunters
74%
Vancouver Titans
74%
Toronto Defiant
67%
Washington Justice
62%
No matching quizzes found
Score Distribution
Percent of People with Each Score
Percentile by Number Answered
Your Score History
You have not taken this quiz since the last reset